000 00367cam a2200169 4500
001 D12514
008 090401t1928 xxu||||| |||| 00| 0 eng d
035 _a(Sirsi) u3915
041 _aeng
100 _aCreswell, W.T.
245 4 _aThe law of fixtures
260 _bThe Builder
_c1928
350 _a0
520 _aShelf 114
942 _n0
948 _c04/03/1997
999 _c85969
_d85969